Central Library OPAC University of Rajshahi

England, my England, (Record no. 56142)

MARC details
000 -LEADER
fixed length control field 00698nam a2200217 a 4500
001 - CONTROL NUMBER
control field 56142
003 - CONTROL NUMBER IDENTIFIER
rucl marc code BD-RjUL
005 - DATE AND TIME OF LATEST TRANSACTION
control field 20211209080346.0
008 - FIXED-LENGTH DATA ELEMENTS--GENERAL INFORMATION
fixed length control field 161127r19621922nyu 000 1 eng
035 ## - SYSTEM CONTROL NUMBER
System control number (BD-RjUL)56266
System control number (OCoLC)1841862
040 ## - CATALOGING SOURCE
Original cataloging agency DLC
Transcribing agency F
Modifying agency OCoLC
-- DLC
Language of cataloging eng
041 ## - LANGUAGE CODE
Language code of text/sound track or separate title eng
082 ## - DEWEY DECIMAL CLASSIFICATION NUMBER
Edition number 23
Classification number 823
Author mark and year LAE 1962
100 1# - MAIN ENTRY--PERSONAL NAME
Personal name Lawrence, D. H.
Fuller form of name (David Herbert),
Dates associated with a name 1885-1930
9 (RLIN) 167123
245 10 - TITLE STATEMENT
Title England, my England,
Remainder of title and other stories,
Statement of responsibility, etc. by D. H. Lawrence.
260 ## - PUBLICATION, DISTRIBUTION, ETC. (IMPRINT)
Place of publication, distribution, etc. Great britain :
Name of publisher, distributor, etc. The whitefriars Press Ltd.
Date of publication, distribution, etc. 1922 [reprinted 1962].
300 ## - PHYSICAL DESCRIPTION
Pagination 190 p. ;
Size 19 cm.
650 ## - SUBJECT ADDED ENTRY--TOPICAL TERM
Topical term or geographic name as entry element English fiction -- 20th century.
Form subdivision English fiction.
9 (RLIN) 167124
942 ## - ADDED ENTRY ELEMENTS (KOHA)
Source of classification or shelving scheme Dewey Decimal Classification
Koha item type Books
Holdings
Lost status Source of classification or shelving scheme Damaged status Not for loan Collection code Permanent Location Current Location Shelving location Date acquired Source of acquisition Cost, normal purchase price Total Checkouts Full call number Date last seen Copy number Koha item type
  Dewey Decimal Classification     Non-fiction Central Library, University of Rajshahi Central Library, University of Rajshahi   19/02/1963 Zeitlinger 3.06   823 LAE 1962 27/11/2016 C-2 Books